LEADER 01276nam0 2200313 450 001 000008554 005 20071114124836.0 010 $a88-14-10348-8 100 $a20071114d2003----km-y0itay50------ba 101 0 $aita$amul 102 $aIT 105 $ay-------001yy 200 1 $a<>Europa tra federalismo e regionalismo$eatti del Convegno tenutosi alla Facoltà di giurisprudenza dell'Università dell'Insubria il 22-23 novembre 2002$fa cura di M. Paola Viviani Schlein, Enrico Bulzi e Lino Panzeri 210 $aMilano$cGiuffrè$d2003 215 $aVIII, 570 p.$d24 cm 225 2 $aUniversità degli studi dell'Insubria, Facoltà di giurisprudenza$v11 410 0$12001$aUniversità degli studi dell'Insubria, Facoltà di giurisprudenza$v11 610 1 $aFederalismo - Diritto comparato - Congressi - 2002 610 1 $aAmministrazione locale e aministrazione centrale - Diritto comparato - Congressi - 2002 676 $a341.2422$v19 676 $a342.042$v21 702 1$aViviani Schlein,$bMaria Paola 702 1$aBulzi,$bEnrico 702 1$aPanzeri,$bLino 801 0$aIT$bUNIPARTHENOPE$c2007$gRICA$2UNIMARC 912 $a000008554 951 $aH0152$b000416$cNAVA3$d20071114 996 $aEuropa tra federalismo e regionalismo$9670678 997 $aUNIPARTHENOPE LEADER 01683nam 2200361 450 001 000017459 005 20051026093218.0 100 $a20040512d2000----km-y0itay0103----ba 101 0 $aita 102 $aIT 105 $a----m-------- 200 1 $aAspetti ormonali e nutrizionali nella regolazione dei processi produttivi in piante di olivo (Olea europaea L.) CV coratina$edissertazione finale$bTesi di dottorato$fcandidata: Assunta Maria Palese$gtutore: Cristos Xiloyannis$gcoordinatore del dottorato: Emanuele Tarantino 210 $aPotenza$d[2000] 215 $a1 v. (varie sequenze)$d30 cm. 328 1 $aTesi di dottorato: Università della Basilicata, Facoltà di scienze agrarie, Dipartimento di produzione vegetale, Dottorato di ricerca in produttività delle piante coltivate, 11. ciclo 606 $aPedologia 676 $a631.4$v(21. ed.)$9Pedologia 700 1$aPalese,$bMaria Assunta$0442416 801 0$aIT$bUniversità della Basilicata - B.I.A.$gRICA$2unimarc 912 $a000017459 996 $aAspetti ormonali e nutrizionali nella regolazione dei processi produttivi in piante di olivo (Olea europaea L.) CV coratina$985294 997 $aUNIBAS BAS $aAGRARIA CAT $aTORRE$b20$c20040512$lBAS01$h1038 CAT $c20050601$lBAS01$h1756 CAT $abatch$b01$c20050718$lBAS01$h1053 CAT $c20050718$lBAS01$h1112 CAT $c20050718$lBAS01$h1142 CAT $c20050718$lBAS01$h1157 CAT $aTTM$b30$c20050922$lBAS01$h1544 CAT $aTTM$b30$c20051026$lBAS01$h0932 FMT Z30 -1$lBAS01$LBAS01$mBOOK$1BASA2$APolo Tecnico-Scientifico$2TDO$BTesi di Dottorato$3TDA.11c.PM1$518562-10$820051010$f98$FConsultazione